Lovci mozků a euromanažeři

Uložené v:
Podrobná bibliografia
Hlavný autor: Šálek, Miloslav
Médium: Kniha
Jazyk:Czech
Vydavateľské údaje: Praha Inst. řízení 1991
Vydanie:1. vyd.
Predmet:
Tagy: Pridať tag
Žiadne tagy, Buďte prvý, kto otaguje tento záznam!

MARC

LEADER 00000nam a2200000 4500
001 c003404
005 20221214094052.8
041 0 |a cze 
044 |a CZ 
245 1 0 |a Lovci mozků a euromanažeři  |c Miloslav Šálek 
250 |a 1. vyd. 
264 1 |a Praha  |b Inst. řízení  |c 1991 
300 |a 12 s. 
610 2 0 |a manažment 
610 2 0 |a pracovníci riadiaci 
610 2 0 |a Európske spoločenstvá 
610 2 0 |a veľkosť podnikov 
610 2 0 |a migrácia 
610 2 0 |a manažéri 
610 2 0 |a pohyb síl pracovných medzinárodný 
100 1 |a Šálek, Miloslav